|
|
|
|
| LEADER |
00000nam2a2200000 4500 |
| 001 |
206574 |
| 005 |
20231101225340.0 |
| 035 |
|
|
|a (RuTPU)RU\TPU\book\225199
|
| 090 |
|
|
|a 206574
|
| 100 |
|
|
|a 20120113d1990 k y0rusy50 ca
|
| 101 |
0 |
|
|a rus
|
| 102 |
|
|
|a RU
|
| 105 |
|
|
|a y z 001zy
|
| 200 |
0 |
|
|a Т. 1: Координационная химия F-элементов. Актиноиды
|f науч. ред. А. С. Никифоров
|
| 210 |
|
|
|d 1990
|
| 215 |
|
|
|a 174 с.
|
| 320 |
|
|
|a Библиогр.: с. 136-173.
|
| 461 |
|
1 |
|0 (RuTPU)RU\TPU\book\206450
|t Координационная химия. Металлоорганическая химия
|f Академия наук СССР (АН СССР), Всесоюзный институт научной и технической информации (ВИНИТИ)
|v Т. 1: Координационная химия F-элементов. Актиноиды
|d 1990-
|s Итоги науки и техники
|
| 606 |
1 |
|
|a Комплексные соединения
|2 stltpush
|3 (RuTPU)RU\TPU\subj\15019
|9 41320
|
| 610 |
1 |
|
|a координационная химия
|
| 610 |
1 |
|
|a актиноиды
|
| 610 |
1 |
|
|a синтезированные соединения
|
| 610 |
1 |
|
|a состав
|
| 610 |
1 |
|
|a физико-химические свойства
|
| 610 |
1 |
|
|a комплексообразование
|
| 610 |
1 |
|
|a равновесие
|
| 610 |
1 |
|
|a растворы
|
| 675 |
|
|
|a 546-386
|v 3
|
| 702 |
|
1 |
|a Никифоров
|b А. С.
|4 340
|
| 801 |
|
1 |
|a RU
|b 63413507
|c 20120113
|
| 801 |
|
2 |
|a RU
|b 63413507
|c 20151203
|g RCR
|
| 942 |
|
|
|c BK
|